Football : les 10 meilleurs buteurs de l'année 2023 - Statistiques

Statistiques générales
  • Ce quiz a été pris 258 fois
  • Le résultat moyen est 8 sur 10
Statistiques - réponses
Nombre de buts Nombre de matchs Club Sélection Joueur % Correct
54 59 Al Nassr Portugal Cristiano Ronaldo
100%
52 53 PSG France Kylian Mbappé
100%
50 60 Manchester City Norvège Erling Haaland
98%
52 57 Tottenham/Bayern Munich Angleterre Harry Kane
97%
36 61 Liverpool Égypte Mohamed Salah
97%
40 60 Inter Milan/AS Rome Belgique Romelu Lukaku
95%
37 67 Inter Milan Argentine Lautaro Martinez
90%
36 48 Galatasaray Argentine Mauro Icardi
71%
39 64 Feyenoord Mexique Santiago Gimenez
34%
36 63 AZ Alkmaar Grèce Vangelis Pavlidis
21%
Aucun quiz correspondant
Distribution des résultats
% des personnes avec chaque résultat
Percentile par nombre de réponses
Votre historique - résultats
Vous n’avez pas pris ce quiz